Every Manchester United Goal Scorer in the 2006/07 Premier League - Statistics

General Stats
  • This quiz has been taken 23 times
  • The average score is 65 of 80
Answer Stats
Game Scorer % Correct
Watford (A) Giggs
95%
Tottenham Hotspur (H) Giggs
95%
Tottenham Hotspur (A) Giggs
95%
Fulham (A) Giggs
95%
Fulham (H) Ronaldo
95%
Reading (A) Ronaldo
95%
Bolton Wanderers (A) Ronaldo
95%
Portsmouth (H) Ronaldo
95%
Everton (H) Ronaldo
95%
Manchester City (H) Ronaldo
95%
Aston Villa (A) Ronaldo
95%
Aston Villa (A) Ronaldo
95%
Wigan Athletic (H) Ronaldo
95%
Wigan Athletic (H) Ronaldo
95%
Reading (H) Ronaldo
95%
Reading (H) Ronaldo
95%
Aston Villa (H) Ronaldo
95%
Watford (H) Ronaldo
95%
Tottenham Hotspur (A) Ronaldo
95%
Fulham (A) Ronaldo
95%
Manchester City (A) Ronaldo
95%
Fulham (H) Rooney
95%
Fulham (H) Rooney
95%
Bolton Wanderers (A) Rooney
95%
Bolton Wanderers (A) Rooney
95%
Bolton Wanderers (A) Rooney
95%
Sheffield United (A) Rooney
95%
Sheffield United (A) Rooney
95%
Manchester City (H) Rooney
95%
Arsenal (A) Rooney
95%
Watford (H) Rooney
95%
Bolton Wanderers (H) Rooney
95%
Bolton Wanderers (H) Rooney
95%
Sheffield United (H) Rooney
95%
Everton (A) Rooney
95%
Liverpool (H) Ferdinand
91%
Liverpool (H) Scholes
91%
Aston Villa (A) Scholes
91%
Newcastle United (A) Scholes
91%
Newcastle United (A) Scholes
91%
Tottenham Hotspur (A) Scholes
91%
Blackburn Rovers (H) Scholes
91%
Aston Villa (H) Carrick
86%
Blackburn Rovers (H) Carrick
86%
Sheffield United (H) Carrick
86%
Wigan Athletic (A) Vidic
86%
Portsmouth (H) Vidic
86%
Tottenham Hotspur (A) Vidic
86%
Charlton Athletic (A) Fletcher
77%
Middlesbrough (A) Fletcher
77%
Charlton Athletic (H) Fletcher
77%
Everton (H) O'Shea
73%
Liverpool (A) O'Shea
73%
Portsmouth (A) O'Shea
73%
Everton (A) O'Shea
73%
Everton (H) Evra
68%
Fulham (H) Saha
68%
Charlton Athletic (A) Saha
68%
Wigan Athletic (A) Saha
68%
Portsmouth (H) Saha
68%
Blackburn Rovers (A) Saha
68%
Chelsea (H) Saha
68%
Middlesbrough (A) Saha
68%
Manchester City (H) Saha
68%
Aston Villa (H) Park
64%
Charlton Athletic (H) Park
64%
Bolton Wanderers (H) Park
64%
Bolton Wanderers (H) Park
64%
Blackburn Rovers (H) Park
64%
Watford (A) Silvestre
59%
Charlton Athletic (A) Solskjaer
55%
Newcastle United (H) Solskjaer
55%
Newcastle United (H) Solskjaer
55%
Wigan Athletic (A) Solskjaer
55%
Wigan Athletic (H) Solskjaer
55%
Reading (H) Solskjaer
55%
Blackburn Rovers (H) Solskjaer
55%
Everton (A) Eagles
27%
Watford (H) Larsson
27%
Middlesbrough (H) Richardson
27%
No matching quizzes found
Score Distribution
Percent of People with Each Score
Percentile by Number Answered
Your Score History
You have not taken this quiz